[Event "Mosonmagyarovar Polip Kupa-A 2nd"]
[Site "Mosonmagyarovar"]
[Date "2022.07.09"]
[Round "2"]
[White "Somogyi, Barbara"]
[Black "Kozma, Aron"]
[Result "0-1"]
[WhiteElo "1682"]
[BlackElo "1551"]
[PlyCount "64"]
[EventDate "2022.07.09"]
[EventType "swiss"]
[EventRounds "4"]
[EventCountry "HUN"]
[SourceTitle "EXT 2023"]
[Source "ChessBase"]
[SourceDate "2022.10.05"]
[SourceVersion "1"]
[SourceVersionDate "2022.10.05"]
[SourceQuality "1"]

1. e4 d5 2. exd5 Qxd5 3. Nc3 Qd8 4. d4 Bf5 5. Qf3 Qc8 6. Bc4 Nf6 7. Bb3 e6 8. Bf4 c6 9. h3 h6 10. 0-0-0 Nd5 11. Bxd5 cxd5 12. Qe2 Be7 13. Nb5 Na6 14. Nd6+ Bxd6 15. Bxd6 Qc6 16. Be5 Nb4 17. c3 Nxa2+ 18. Kd2 Rc8 19. Qe3 Qa4 20. Ke1 Qc2 21. Qe2 Qb3 22. Bxg7 Rg8 23. Be5 Rxg2 24. Bg3 Be4 25. Nf3 Nxc3 26. bxc3 Qxc3+ 27. Nd2 Rxg3 28. fxg3 Bxh1 29. Kf2 Qxd4+ 30. Qe3 Qxe3+ 31. Kxe3 Bg2 32. h4 Bh3 0-1

[Event "HUN-chT 2122"]
[Site "Hungary"]
[Date "2022.04.10"]
[Round "9.12"]
[White "Balint, Vilmos"]
[Black "Somogyi, Barbara"]
[Result "0-1"]
[WhiteElo "2292"]
[BlackElo "1643"]
[PlyCount "46"]
[EventDate "2021.10.10"]
[EventType "team-tourn"]
[EventRounds "9"]
[EventCountry "HUN"]
[SourceTitle "EXT 2023"]
[Source "ChessBase"]
[SourceDate "2022.10.05"]
[SourceVersion "1"]
[SourceVersionDate "2022.10.05"]
[SourceQuality "1"]
[WhiteTeam "Dunaharaszti"]
[BlackTeam "Ajka Sentimento"]
[WhiteTeamCountry "HUN"]
[BlackTeamCountry "HUN"]

1. e4 d5 2. exd5 Qxd5 3. Nc3 Qd6 4. d4 Nf6 5. Bg5 a6 6. Be2 Bf5 7. Nf3 Nc6 8. Qd2 0-0-0 9. Bf4 Qb4 10. 0-0-0 e6 11. a3 Qa5 12. Ne5 Rxd4 13. Qxd4 Nxd4 14. Rxd4 Bxa3 15. Na4 Rd8 16. Rc4 Bd6 17. Nd3 Bxd3 18. Bxd3 Bxf4+ 19. Kb1 e5 20. g3 b5 21. Bf5+ Kb8 22. Rc6 Qxa4 23. gxf4 Qxf4 0-1

[Event "HUN-ch U16 Girls"]
[Site "Balatonlelle"]
[Date "2019.06.22"]
[Round "1"]
[White "Juhasz, Judit"]
[Black "Somogyi, Barbara"]
[Result "1-0"]
[WhiteElo "1963"]
[BlackElo "1577"]
[PlyCount "57"]
[EventDate "2019.06.22"]
[EventType "swiss"]
[EventRounds "7"]
[EventCountry "HUN"]
[SourceTitle "CBM 191 Extra"]
[Source "ChessBase"]
[SourceDate "2019.09.30"]
[SourceVersion "1"]
[SourceVersionDate "2019.09.30"]
[SourceQuality "1"]

1. e4 d5 2. exd5 Qxd5 3. Nc3 Qd6 4. d4 c6 5. Be3 Nf6 6. Bd3 Bg4 7. f3 Bh5 8. Nge2 Bg6 9. Bf4 Qd8 10. Qd2 e6 11. Ne4 Nxe4 12. fxe4 Bd6 13. 0-0-0 Qc7 14. e5 Be7 15. Bxg6 hxg6 16. c4 Nd7 17. Kb1 Nb6 18. Rc1 Qd7 19. Rhd1 0-0 20. h4 f6 21. exf6 gxf6 22. Bh6 Rfd8 23. Qd3 f5 24. h5 g5 25. Qe3 Bf6 26. Bxg5 Qf7 27. Bxf6 Qxf6 28. g4 Kh8 29. g5 1-0

[Event "HUN-chT2 Szechenyi 1718"]
[Site "Hungary"]
[Date "2018.05.06"]
[Round "9.12"]
[White "Somogyi, Barbara"]
[Black "Kolimar, Kristof Pal"]
[Result "1/2-1/2"]
[WhiteElo "1417"]
[BlackElo "1442"]
[PlyCount "114"]
[EventDate "2017.10.29"]
[EventType "team-tourn"]
[EventRounds "9"]
[EventCountry "HUN"]
[SourceTitle "EXT 2021"]
[Source "ChessBase"]
[SourceDate "2020.10.23"]
[SourceVersion "1"]
[SourceVersionDate "2020.10.23"]
[SourceQuality "1"]
[WhiteTeam "Ajka ASSE"]
[BlackTeam "Veszprem Ezust Huszar"]
[WhiteTeamCountry "HUN"]
[BlackTeamCountry "HUN"]

1. e4 c5 2. Nf3 e6 3. d4 cxd4 4. Nxd4 a6 5. Bd3 Qb6 6. Nb3 Qc7 7. 0-0 Nf6 8. N1d2 d5 9. Qe2 Bd6 10. h3 0-0 11. Re1 Nbd7 12. c3 b5 13. exd5 Nxd5 14. Nf3 Bb7 15. Bd2 N7f6 16. Rac1 Nf4 17. Bxf4 Bxf4 18. Rcd1 Rac8 19. Nbd2 Bd5 20. a3 Rfd8 21. Ne4 Nxe4 22. Bxe4 Bb3 23. Bc2 Bd5 24. Be4 Bb3 25. Bc2 Bxc2 26. Qxc2 Qb7 27. Qb3 Rxd1 28. Rxd1 Qe4 29. Rd4 Qb1+ 30. Qd1 Qxd1+ 31. Rxd1 Kf8 32. Kf1 Ke7 33. Ke2 f5 34. Nd4 Kf6 35. Nf3 Rc6 36. g3 Bh6 37. Kd3 e5 38. Kc2 e4 39. Nd4 Rd6 40. Kb3 e3 41. Rf1 exf2 42. Rxf2 g6 43. Re2 f4 44. Rf2 g5 45. a4 bxa4+ 46. Kxa4 Ke5 47. Re2+ Kf6 48. Rf2 Rd5 49. Kb4 Kg6 50. g4 Bg7 51. Kc4 Rd7 52. Re2 Rd6 53. Re6+ Rxe6 54. Nxe6 Be5 55. Nc5 a5 56. Nb3 Bc7 57. Nd2 Bd8 1/2-1/2

[Event "HUN-chT2 Szechenyi 1718"]
[Site "Hungary"]
[Date "2018.03.25"]
[Round "8.11"]
[White "Somogyi, Barbara"]
[Black "Kertesz, Zsolt1111"]
[Result "0-1"]
[WhiteElo "1417"]
[BlackElo "1910"]
[PlyCount "94"]
[EventDate "2017.10.29"]
[EventType "team-tourn"]
[EventRounds "9"]
[EventCountry "HUN"]
[SourceTitle "EXT 2021"]
[Source "ChessBase"]
[SourceDate "2020.10.23"]
[SourceVersion "1"]
[SourceVersionDate "2020.10.23"]
[SourceQuality "1"]
[WhiteTeam "Ajka ASSE"]
[BlackTeam "Csuti Baki Agrocentrum"]
[WhiteTeamCountry "HUN"]
[BlackTeamCountry "HUN"]

1. e4 Nf6 2. Nc3 d5 3. exd5 Nxd5 4. Be2 e5 5. Nf3 Nxc3 6. dxc3 Qxd1+ 7. Bxd1 Nc6 8. Be3 Bg4 9. 0-0 Be7 10. h3 Bf5 11. Rc1 0-0-0 12. b4 a6 13. a4 f6 14. b5 axb5 15. axb5 Na5 16. b6 Nc4 17. bxc7 Kxc7 18. Re1 Nxe3 19. Rxe3 Bc5 20. Re1 g5 21. Nh2 Rd2 22. Rf1 Ba3 23. Ra1 Bb2 24. Nf3 Bxa1 25. Nxd2 Bxc3 26. Nb3 Be6 27. Bf3 b6 28. Rd1 Rd8 29. Rxd8 Kxd8 30. Kf1 Ke7 31. Ke2 Bc4+ 32. Kd1 f5 33. Be2 Bd5 34. f3 Kf6 35. Nd2 Bxd2 36. Kxd2 e4 37. fxe4 Bxe4 38. Bf1 Ke5 39. g3 f4 40. gxf4+ gxf4 41. c3 Bh1 42. Kd3 f3 43. Ke3 Bg2 44. Bxg2 fxg2 45. Kf2 Ke4 46. Kxg2 Kd3 47. Kf3 Kxc3 0-1

[Event "HUN-chT2 Szechenyi 1718"]
[Site "Hungary"]
[Date "2018.03.04"]
[Round "7.12"]
[White "Somogyi, Barbara"]
[Black "Nyuli, Leila"]
[Result "1-0"]
[WhiteElo "1417"]
[BlackElo "1218"]
[PlyCount "133"]
[EventDate "2017.10.29"]
[EventType "team-tourn"]
[EventRounds "9"]
[EventCountry "HUN"]
[SourceTitle "EXT 2021"]
[Source "ChessBase"]
[SourceDate "2020.10.23"]
[SourceVersion "1"]
[SourceVersionDate "2020.10.23"]
[SourceQuality "1"]
[WhiteTeam "Ajka ASSE"]
[BlackTeam "Haladas Szombathely III"]
[WhiteTeamCountry "HUN"]
[BlackTeamCountry "HUN"]

1. e4 e5 2. Nf3 Nc6 3. Bb5 Nf6 4. 0-0 Bc5 5. d3 d6 6. Bxc6+ bxc6 7. Nc3 Bg4 8. h3 Bh5 9. Qe2 0-0 10. Bg5 h6 11. Bh4 Qe7 12. Na4 Bb6 13. Nxb6 cxb6 14. Qe3 Qe6 15. Rfe1 Rfe8 16. Nh2 d5 17. Bxf6 Qxf6 18. Nf1 Bg6 19. Ng3 Qf4 20. exd5 cxd5 21. Qxf4 exf4 22. Ne2 Rac8 23. Rac1 Bxd3 24. Nxf4 Rxe1+ 25. Rxe1 Bxc2 26. Nxd5 Kf8 27. Rc1 Rd8 28. Nxb6 Rd1+ 29. Rxd1 Bxd1 30. Nd5 Be2 31. Nc3 Bd3 32. g3 Ke7 33. Kg2 g5 34. Kf3 f5 35. Ke3 Bf1 36. h4 Ke6 37. hxg5 hxg5 38. Kd4 Kd6 39. a4 a5 40. Nb5+ Kc6 41. Ke5 f4 42. gxf4 gxf4 43. Kxf4 Bxb5 44. axb5+ Kxb5 45. Ke3 Kc4 46. Kd2 Kd4 47. f4 Ke4 48. Kc3 Kxf4 49. Kb3 Ke5 50. Ka4 Kd4 51. Kxa5 Kc5 52. b4+ Kd6 53. Kb6 Kd7 54. Kb7 Kd8 55. b5 Kd7 56. b6 Kd8 57. Kb8 Kd7 58. b7 Kc6 59. Kc8 Kd6 60. b8Q+ Ke7 61. Qb6 Kf8 62. Qc7 Kg8 63. Kd8 Kh8 64. Ke8 Kg8 65. Qg3+ Kh8 66. Kf7 Kh7 67. Qg7# 1-0

[Event "HUN-chT2 Szechenyi 1617"]
[Site "Hungary"]
[Date "2017.03.12"]
[Round "10.12"]
[White "Mesits, Maxim"]
[Black "Somogyi, Barbara"]
[Result "1-0"]
[WhiteElo "1376"]
[BlackElo "1385"]
[PlyCount "67"]
[EventDate "2016.09.25"]
[EventType "team-tourn"]
[EventRounds "11"]
[EventCountry "HUN"]
[SourceTitle "EXT 2021"]
[Source "ChessBase"]
[SourceDate "2020.10.23"]
[SourceVersion "1"]
[SourceVersionDate "2020.10.23"]
[SourceQuality "1"]
[WhiteTeam "Haladas Szombathely III"]
[BlackTeam "Ajka ASSE"]
[WhiteTeamCountry "HUN"]
[BlackTeamCountry "HUN"]

1. e4 d6 2. d4 Nd7 3. Bd3 e5 4. Ne2 Ngf6 5. Nd2 Be7 6. Nf3 c6 7. Ng3 0-0 8. 0-0 Qc7 9. Re1 Re8 10. c3 Nf8 11. h3 Ng6 12. Bd2 Bd7 13. Qc2 Rac8 14. Rad1 c5 15. dxe5 Nxe5 16. Nxe5 dxe5 17. Bc4 b5 18. Bd5 Nxd5 19. exd5 f6 20. Be3 Bd6 21. c4 bxc4 22. Qxc4 Qb6 23. Ne4 f5 24. Nxd6 Qxd6 25. Rc1 Qb6 26. b3 Qa5 27. Qc2 Rc7 28. d6 Rc6 29. Bxc5 Rec8 30. Rxe5 Rxd6 31. Qc4+ Kh8 32. Rce1 h6 33. Bxd6 Rxc4 34. Rxa5 1-0